000 01241cam a2200289 4500
001 J117074
008 020311n2002 000 0 eng u
035 _a(Sirsi) u117074
050 _a692.8
_c18
110 _aJoint Contracts Tribunal
_93664
240 _aTCWa/F for use where a warranty is to be given by a trade contractor to a company providing finance (funder) for a building project
245 _aForm of agreement for collateral warranty for funding instructions by a trade contractor : TCWa/F
260 _aLondon
_bRIBA
_c2002
300 _a8p.
_c30cm.
350 _a15
490 _aJCT Construction Management Documentation
490 _aJCT Standard Form of Agreement for Collateral Warranty 2002 Edition
_vTCWA/F (Funder)
650 _aCM02
650 _aBUILT ENVIRONMENT-BUILDING CONTRACT FORMS-CONSTRUCTION COLLATERAL WARRANTY FORMS
650 _aBUILT ENVIRONMENT-BUILDING CONTRACT FORMS
650 _aCONSTRUCTION MANAGEMENT
_96230
650 _aCONSTRUCTION MANAGEMENT DOCUMENTATION
650 _aBUILT ENVIRONMENT-BUILDING CONTRACT FORMS-STANDARD FORMS OF BUILDING CONTRACT-JOINT CONTRACTS TRIBNUAL CONTRACTS
650 _aTCWA/F
690 _aBUILT ENVIRONMENT-BUILDING CONTRACT FORMS
942 _n0
999 _c101935
_d101935